000 00483cam a22001697 4500
001 ltf91004524
003 DLC
005 20260227111551.0
008 910125q19001958gw 000 0 ger
010 _altf91004524
040 _aDLC
_cDLC
_dDLC
050 0 0 _a4HD 2062
100 1 _aLudowici, Johann Wilhelm,
_d1896-
245 1 4 _aDie Verteilung des deutschen Bodens.
_b[Herausgeber:] Akademie für Landesforschung und Reichsplanung.
260 _a[Berlin,
_c19 ]
300 _a24 p.
999 _c37445
_d37445